000
00402nam a2200133Ia 4500
008
151001s9999||||xx |||||||||||||| ||und||
100
_a
पुरुषोत्तम धाक्रस
245
_a
गोष्टी पुरून उरणार्या 6
250
_a
1
260
_b
रोहन प्रकाशन पुणे
260
_c
2013
300
_a
48
365
_b
21
999
_c
1001988
_d
1001985